Costa Rica: una crisis política con sordina

Gorde:
Xehetasun bibliografikoak
Egile nagusia: Rojas Bolaños, Manuel
Formatua: Texto
Argitaratua: TEgucigalpa: UNAH
Etiketak: Etiketa erantsi
Etiketarik gabe, Izan zaitez lehena erregistro honi etiketa jartzen!

MARC

LEADER 00000 a a2200000 04500
001 21047
003
040 |a CRAI/IIS  |c CRAI/IIS 
090 |a 090800  
100 |a Rojas Bolaños, Manuel  
245 |a Costa Rica: una crisis política con sordina  
260 |a TEgucigalpa:   |b UNAH  
300 |a 17 p.  
999 |c 3964  |d 3964